| 000 | 01181nam a2200337 c 4500 | ||
|---|---|---|---|
| 001 | 15996 | ||
| 003 | ES-MaCES | ||
| 005 | 20160629131904.0 | ||
| 008 | 040122s2003 lu t o000 | spa d | ||
| 035 | _aCES20040000662m | ||
| 040 |
_aES-MaCES _bspa _cES-MaCES |
||
| 110 | 2 |
_92014 _aComisión de las Comunidades Europeas |
|
| 245 | 1 | 3 |
_aEl futuro del sector textil y de la confección en la Unión Europea ampliada _ccomunicación de la Comisión al Consejo ... [et al.] |
| 260 |
_aLuxemburgo _bOficina de Publicaciones Oficiales de las Comunidades Europeas _c2003 |
||
| 300 |
_a45 p. _c30 cm |
||
| 490 | 1 |
_aCOM(03) _v649 final |
|
| 500 | _aTít. tomado de la cub. | ||
| 541 | _cSuscripción conjunta | ||
| 650 | 4 |
_aindustria textil _927716 |
|
| 650 | 4 |
_acorte y confección _929934 |
|
| 650 | 4 |
_aindustria del vestido _926769 |
|
| 650 | 4 |
_asector económico _930015 |
|
| 650 | 4 |
_aanálisis económico _927070 |
|
| 650 | 4 |
_aadhesión de miembros _930972 |
|
| 653 | 1 | 0 | _aIndustria-Energía |
| 650 | 4 |
_926752 _aUE |
|
| 830 | 0 |
_aCOM(03) _v649 final _933822 |
|
| 902 | _aDOC Literatura gris | ||
| 942 |
_2CES _cBK _h5.2. |
||
| 999 |
_c15996 _d15996 |
||